000 00543nam a2200169Ia 4500
003 GCL
008 140319s9999 xx 000 0 ara d
040 _aGCL /
_cGCL
082 0 4 _a413.1
_bج ك
100 1 _aالقس فهيم عزيز
245 1 0 _aدراسه فى الوصايا العشر /
_cالقس فهيم عزيز
260 _a[S.N] :
_bدار الثقافة العربية ،
_c1990
300 _a92 ص
490 _aسلسلة كتب الدراسة الكتابية
_v0
650 0 4 _aالوصايا العشر
942 _2ddc
_cBK
999 _c53684
_d53684